Chế độ ruộng đất và kinh tế nông nghiệp thời Lê sơ Thế kỷ 15
محفوظ في:
| المؤلف الرئيسي: | |
|---|---|
| التنسيق: | كتاب |
| اللغة: | Undetermined |
| منشور في: |
Hà nội
Văn Sử Địa
1959
|
| الموضوعات: | |
| الوسوم: |
إضافة وسم
لا توجد وسوم, كن أول من يضع وسما على هذه التسجيلة!
|
| Thư viện lưu trữ: | Trung tâm Học liệu Trường Đại học Cần Thơ |
|---|
| LEADER | 00606nam a2200181Ia 4500 | ||
|---|---|---|---|
| 001 | CTU_11018 | ||
| 008 | 210402s9999 xx 000 0 und d | ||
| 082 | |a 959.703 | ||
| 082 | |b L250c | ||
| 100 | |a Phan Huy Lê | ||
| 245 | 0 | |a Chế độ ruộng đất và kinh tế nông nghiệp thời Lê sơ | |
| 245 | 0 | |b Thế kỷ 15 | |
| 245 | 0 | |c Phan Huy Lê | |
| 260 | |a Hà nội | ||
| 260 | |b Văn Sử Địa | ||
| 260 | |c 1959 | ||
| 650 | |a land tenure - law,land use, rural - vietnam,vietnam - history - 15th century | ||
| 980 | |a Trung tâm Học liệu Trường Đại học Cần Thơ | ||